La historia la escriben los vencedores: ¿y la verdadera? : (Record no. 28838)

MARC details
000 -LEADER
campo de control de longitud fija 00746nam a22002177a 4500
001 - NÚMERO DE CONTROL
campo de control 00028802
005 - FECHA Y HORA DE LA ÚLTIMA TRANSACCIÓN
campo de control 20260416150947.0
008 - DATOS DE LONGITUD FIJA--INFORMACIÓN GENERAL
campo de control de longitud fija 260416b ag ||||| |||| 00| 0 spa d
015 ## - NÚMERO DE BIBLIOGRAFÍA NACIONAL
Información calificativa 9875188670
040 ## - FUENTE DE CATALOGACIÓN
Centro catalogador/agencia de origen AR-CcCEOS
Lengua de catalogación Español; Castellano
Centro/agencia transcriptor AR-CcCEOS
041 ## - CÓDIGO DE IDIOMA
Código de lengua del texto/banda sonora o título independiente Español; Castellano
080 ## - NÚMERO DE LA CLASIFICACIÓN DECIMAL UNIVERSAL
Número de la Clasificación Decimal Universal 94(430)"1939/1945"
090 ## - LOCALMENTE ASIGNADO TIPO-LC NÚMERO DE CLASIFICACIÓN (OCLC); NÚMERO DE CLASIFICACIÓN LOCAL (RLIN)
Número cutter local (OCLC) ; Número de libro/Signatura topográfica íntegra, CALL (RLIN) KOR
100 1# - ENTRADA PRINCIPAL--NOMBRE DE PERSONA
Nombre de persona Koralski, Vŭti︠u︡,
Fechas asociadas al nombre 1918-
9 (RLIN) 1070
245 ## - MENCIÓN DEL TÍTULO
Título La historia la escriben los vencedores: ¿y la verdadera? :
Resto del título EL SOBREVIVIENTE de Alemania en llamas y del terror soviético /
Mención de responsabilidad, etc. Vatiu Koralsky
250 ## - MENCION DE EDICION
Mención de edición 1ª ed.
264 ## - PRODUCCIÓN, PUBLICACIÓN, DISTRIBUCIÓN, FABRICACIÓN Y COPYRIGHT
Producción, publicación, distribución, fabricación y copyright Argentina :
Nombre del de productor, editor, distribuidor, fabricante Vatiu Koralsky,
Fecha de producción, publicación, distribución, fabricación o copyright c2003.
300 ## - DESCRIPCIÓN FÍSICA
Extensión 305 p. ;
Dimensiones 24x15 cm.
655 #0 - TERMINO DE INDIZACIÓN--GENERO/FORMA
Datos o término principal de género/forma historia
Subdivisión de forma historia antigua
Subdivisión general habitos del pasado
-- costumbres del pasado
9 (RLIN) 58
942 ## - ELEMENTOS DE ENTRADA SECUNDARIOS (KOHA)
Fuente de la clasificación o esquema de estantería Clasificación decimal universal
Tipo de ítem Koha Libros
Suprimir en OPAC No
Holdings
Estatus retirado Estado de pérdida Fuente de la clasificación o esquema de estantería Estado de daño No para préstamo Biblioteca de origen Biblioteca actual Fecha de adquisición Fuente de adquisición Número de inventario Total de préstamos Signatura topográfica completa Información codificada de la localización en otra ubicación Colección Código de barras Visto por última vez Precio de reemplazo Tipo de ítem Koha
    Clasificación decimal universal     Biblioteca Julio Serebrinsky Biblioteca Julio Serebrinsky 16/04/2026 Donación 46429   94(430)"1939/1945" KOR SER 46429 16/04/2026 16/04/2026 Libros